Municipios y la descentralización en Centroamérica y República Dominicana. Políticas y estrategias de modernización de la gestión pública local. Estudio de casos. Parte 4 /
Analiza la estructura económico-productiva de la Región Huetar Atlántica para comprender la realidad socioproductiva. Presenta los principales problemas conceptuales y las deficiencias detectadas en el municipio de la zona, tomando en cuenta que las competencias y la gestión municipal están limitada...
Gespeichert in:
| Körperschaften: | , |
|---|---|
| Format: | Text |
| Veröffentlicht: |
San José:
DEMUCA
|
| Schlagworte: | |
| Tags: |
Tag hinzufügen
Keine Tags, Fügen Sie den ersten Tag hinzu!
|
MARC
| LEADER | 00000 a a2200000 04500 | ||
|---|---|---|---|
| 001 | 21891 | ||
| 003 | |||
| 040 | |||
| 090 | |a 146014 | ||
| 110 | |a Fundación para el Desarrollo Local y el Fortalecimiento Municipal e Institucional de Centroamérica y el Caribe | ||
| 245 | |a Municipios y la descentralización en Centroamérica y República Dominicana. Políticas y estrategias de modernización de la gestión pública local. Estudio de casos. Parte 4 / |c Fundación para el Desarrollo Local y el Fortalecimiento Municipal e Institucional de Centroamérica y el Caribe | ||
| 260 | |a San José: |b DEMUCA | ||
| 300 | |a 490 p. |b **no definido** | ||
| 520 | |a Analiza la estructura económico-productiva de la Región Huetar Atlántica para comprender la realidad socioproductiva. Presenta los principales problemas conceptuales y las deficiencias detectadas en el municipio de la zona, tomando en cuenta que las competencias y la gestión municipal están limitadas por el centralismo que caracteriza al Estado costarricense relegando al régimen municipal a un plano secundario dentro del sistema político. REV/LCL | ||
| 650 | |a DESARROLLO LOCAL | ||
| 650 | |a GOBIERNO LOCAL | ||
| 650 | |a DESCENTRALIZACION | ||
| 650 | |a POBLACION OCUPADA | ||
| 650 | |a MANO DE OBRA | ||
| 650 | |a MODERNIZACION | ||
| 650 | |a POBLACION OCUPADA | ||
| 650 | |a MANO DE OBRA | ||
| 710 | |a Fundación DEMUCA | ||
| 999 | |c 16357 |d 16357 | ||
